[Event "24. Copenhagen Open  (Politiken Cup)"]
[Site "Copenhagen"]
[Date "2002.07.15"]
[Round "1"]
[White "Tollefsen, Vegard"]
[Black "Carstensen, Jacob"]
[Result "1-0"]
[WhiteElo "1699"]
[BlackElo "2246"]
[PlyCount "95"]
[EventDate "2002.07.15"]
[EventType "swiss"]
[EventRounds "11"]
[EventCountry "DEN"]
[SourceDate "2004.01.01"]

1. e4 c5 2. c3 d5 3. exd5 Qxd5 4. d4 Nf6 5. Nf3 Bg4 6. Be2 e6 7. O-O Nc6 8. h3
Bh5 9. Be3 cxd4 10. Nxd4 Bxe2 11. Qxe2 Be7 12. Nd2 O-O 13. Rfe1 Rfd8 14. N2f3
h6 15. Nxc6 Qxc6 16. Bd4 b5 17. Ne5 Qb7 18. Rad1 Bf8 19. Rd3 Rd5 20. Rg3 Rad8
21. Qf3 Kh8 22. Qe3 Re8 23. Ng4 Nxg4 24. Rxg4 e5 25. f4 f6 26. fxe5 fxe5 27.
Qf3 Bd6 28. Bf2 Rf8 29. Qe2 Be7 30. Re4 Bf6 31. Bg3 Re8 32. Qh5 Qe7 33. Qe2 Qd7
34. Qf3 Rd3 35. Qf2 Qd5 36. Kh2 Re7 37. a3 a5 38. Qb6 a4 39. Qb8+ Kh7 40. Bxe5
Bh4 41. Rxh4 Rd2 42. Rg4 Qc6 43. Bxg7 Rxg7 44. Rxg7+ Kxg7 45. Re7+ Kg6 46. Qg3+
Kf6 47. Qe5+ Kg6 48. Rg7# 1-0

[Event "24. Copenhagen Open  (Politiken Cup)"]
[Site "Copenhagen"]
[Date "2002.07.15"]
[Round "1"]
[White "Turov, Maxim"]
[Black "Casagrande, Fabio"]
[Result "1-0"]
[WhiteElo "2518"]
[BlackElo "2035"]
[PlyCount "57"]
[EventDate "2002.07.15"]
[EventType "swiss"]
[EventRounds "11"]
[EventCountry "DEN"]
[SourceDate "2004.01.01"]

1. e4 e6 2. Qe2 c5 3. Nf3 d5 4. exd5 Qxd5 5. Nc3 Qd8 6. b3 Nc6 7. Bb2 Nf6 8.
O-O-O Be7 9. g4 O-O 10. g5 Nd5 11. Ne4 Nf4 12. Qe3 Nd5 13. Qe1 Qa5 14. Kb1 b5
15. Rg1 Kh8 16. d3 Bb7 17. c4 Qxe1 18. Rxe1 bxc4 19. dxc4 Nf4 20. Rg4 Ng6 21.
h4 f5 22. gxf6 gxf6 23. h5 Nge5 24. Nxe5 Nxe5 25. Rg3 Rad8 26. Kc2 Nc6 27. Ng5
Nb4+ 28. Kc1 Bc8 29. Nxe6 1-0

[Event "24. Copenhagen Open  (Politiken Cup)"]
[Site "Copenhagen"]
[Date "2002.07.15"]
[Round "1"]
[White "Vovk, Oksana"]
[Black "Beliavsky, Alexander"]
[Result "0-1"]
[WhiteElo "2077"]
[BlackElo "2652"]
[PlyCount "114"]
[EventDate "2002.07.15"]
[EventType "swiss"]
[EventRounds "11"]
[EventCountry "DEN"]
[SourceDate "2004.01.01"]

1. d4 Nf6 2. c4 c5 3. Nf3 e6 4. Nc3 cxd4 5. Nxd4 Bb4 6. Qd3 d5 7. Nc2 Nc6 8. e3
Bd6 9. cxd5 exd5 10. Be2 O-O 11. h3 Re8 12. O-O Ne4 13. Nxd5 Bf5 14. Qd1 Qg5
15. f4 Qg6 16. Bg4 Rad8 17. Nd4 Bxg4 18. Qxg4 Nxd4 19. exd4 Ng3 20. Qxg6 hxg6
21. Rd1 Ne2+ 22. Kf1 Bb8 23. Nc3 Nxf4 24. Bxf4 Bxf4 25. Rd3 Rd7 26. Re1 Rc8 27.
Kf2 f6 28. Kf3 Bc7 29. Na4 b6 30. Nc3 Kf7 31. Rc1 Rh8 32. Nb5 Bb8 33. Nc3 Rh4
34. Ne2 g5 35. Kf2 g4 36. hxg4 Rxg4 37. Kf3 f5 38. Re3 Bd6 39. Rc8 Be7 40. Rc6
Bf6 41. Rd3 Re4 42. Rc2 g5 43. g3 Ke7 44. Re3 g4+ 45. Kf2 Rdxd4 46. Rc7+ Kd6
47. Rxa7 Rxe3 48. Kxe3 Re4+ 49. Kd3 Bxb2 50. Rf7 Re5 51. Rf6+ Kc5 52. Nf4 Re3+
53. Kxe3 Bxf6 54. Ne6+ Kd6 55. Nd4 Bxd4+ 56. Kxd4 b5 57. a3 Ke6 0-1

[Event "24. Copenhagen Open  (Politiken Cup)"]
[Site "Copenhagen"]
[Date "2002.07.15"]
[Round "1"]
[White "Walseth, Tron"]
[Black "Tozer, Richard"]
[Result "0-1"]
[WhiteElo "1832"]
[BlackElo "2312"]
[PlyCount "126"]
[EventDate "2002.07.15"]
[EventType "swiss"]
[EventRounds "11"]
[EventCountry "DEN"]
[SourceDate "2004.01.01"]

1. d4 Nf6 2. c4 e6 3. g3 Bb4+ 4. Bd2 Qe7 5. Nf3 O-O 6. Bg2 d5 7. O-O Nbd7 8.
Bg5 dxc4 9. Qc2 h6 10. Bxf6 Nxf6 11. Qxc4 a6 12. a3 Ba5 13. b4 Bb6 14. Nbd2 Bd7
15. Nb3 Bc6 16. Ne5 Bd5 17. Bxd5 exd5 18. Qd3 Rfe8 19. e3 c6 20. Nc5 Bc7 21.
Rfc1 Bb8 22. f4 Ne4 23. Nxe4 dxe4 24. Qb3 Bd6 25. Nc4 Qe6 26. Na5 Qxb3 27. Nxb3
Kf8 28. Ra2 Re7 29. Rg2 Ke8 30. h4 Kd7 31. Na5 Ke6 32. Nc4 Bc7 33. Na5 Rb8 34.
Rgc2 g5 35. hxg5 hxg5 36. Rh2 gxf4 37. gxf4 Bxa5 38. bxa5 Rd7 39. Rh5 f6 40.
Kf2 Rg8 41. f5+ Kd6 42. Rh6 Rf7 43. Rch1 Kd5 44. Rh7 Rxh7 45. Rxh7 Rg5 46. Rxb7
Rxf5+ 47. Ke2 Rh5 48. Rb6 Rh2+ 49. Ke1 Ra2 50. Rxa6 Rxa3 51. Ke2 Ra2+ 52. Ke1
f5 53. Kf1 Ra4 54. Kg2 Ra3 55. Kf2 Ra2+ 56. Ke1 Kc4 57. Rb6 Rxa5 58. Rxc6+ Kd3
59. Rc5 Ra1+ 60. Kf2 f4 61. exf4 e3+ 62. Kf3 e2 63. Re5 e1=Q 0-1

[Event "24. Copenhagen Open  (Politiken Cup)"]
[Site "Copenhagen"]
[Date "2002.07.15"]
[Round "1"]
[White "Wilsbeck, Jan Borge"]
[Black "Hvenekilde, Jorgen"]
[Result "1/2-1/2"]
[WhiteElo "1825"]
[BlackElo "2296"]
[PlyCount "69"]
[EventDate "2002.07.15"]
[EventType "swiss"]
[EventRounds "11"]
[EventCountry "DEN"]
[SourceDate "2004.01.01"]

1. e4 e5 2. f4 exf4 3. Nf3 h6 4. Bc4 Nc6 5. h4 d6 6. d4 Bg4 7. Bxf4 Be7 8. c3
Nf6 9. Qc2 O-O 10. Nbd2 d5 11. Bd3 dxe4 12. Nxe4 Nd5 13. Bg3 f5 14. Bc4 Na5 15.
Bxd5+ Qxd5 16. Ned2 c5 17. O-O cxd4 18. Nxd4 Rac8 19. Qd3 Nc6 20. N2b3 a5 21.
a4 Bf6 22. Qb5 Qxb5 23. axb5 Nxd4 24. Nxd4 Bxd4+ 25. cxd4 b6 26. Rfc1 Rxc1+ 27.
Rxc1 f4 28. Bf2 Rf5 29. d5 Rxd5 30. Bxb6 Rxb5 31. Bd4 Rd5 32. Bc3 a4 33. Re1
Rd1 34. Rxd1 Bxd1 35. Be5 1/2-1/2

[Event "24. Copenhagen Open  (Politiken Cup)"]
[Site "Copenhagen"]
[Date "2002.07.15"]
[Round "1"]
[White "Zucchelli, Massimo"]
[Black "Pedersen, Kaj Vinding"]
[Result "1-0"]
[WhiteElo "2183"]
[BlackElo "1529"]
[PlyCount "95"]
[EventDate "2002.07.15"]
[EventType "swiss"]
[EventRounds "11"]
[EventCountry "DEN"]
[SourceDate "2004.01.01"]

1. d4 Nf6 2. c4 e5 3. dxe5 Ng4 4. Nf3 Nc6 5. e3 Bb4+ 6. Nbd2 Qe7 7. Be2 Ngxe5
8. a3 Nxf3+ 9. Bxf3 Bxd2+ 10. Bxd2 Ne5 11. Be2 d6 12. O-O O-O 13. f4 Nd7 14. b4
Nf6 15. Bd3 Ne4 16. Qc2 Bf5 17. Rae1 Rfe8 18. Bc1 a5 19. Bb2 f6 20. c5 dxc5 21.
bxc5 c6 22. Bd4 Kh8 23. a4 Bg6 24. Rb1 Rad8 25. f5 Bf7 26. Bxe4 Qxe4 27. Qxe4
Rxe4 28. Rxb7 Bd5 29. h3 Ree8 30. g4 h6 31. Rfb1 Ra8 32. Kf2 Kg8 33. h4 Be4 34.
R1b2 h5 35. g5 Bxf5 36. gxf6 gxf6 37. Bxf6 Kf8 38. Bg5 Be4 39. Kg3 Bd5 40. Rf2+
Kg8 41. Bf6 Rxe3+ 42. Kf4 Re4+ 43. Kg5 Bf7 44. Rf4 Re2 45. Kh6 Re6 46. Rf5 Kf8
47. Kh7 Re2 48. Bg7+ 1-0

[Event "24. Copenhagen Open  (Politiken Cup)"]
[Site "Copenhagen"]
[Date "2002.07.16"]
[Round "2"]
[White "Abdagic, Edib"]
[Black "Brinck Claussen, Bjorn"]
[Result "0-1"]
[WhiteElo "1832"]
[BlackElo "2369"]
[PlyCount "49"]
[EventDate "2002.07.15"]
[EventType "swiss"]
[EventRounds "11"]
[EventCountry "DEN"]
[SourceDate "2004.01.01"]

1. d4 Nf6 2. c4 g6 3. Nc3 d5 4. g3 Bg7 5. Nf3 O-O 6. Bg2 Nc6 7. cxd5 Nxd5 8. e4
Nb6 9. d5 Na5 10. O-O c6 11. dxc6 Nxc6 12. h3 Be6 13. Bg5 h6 14. Be3 Nc4 15.
Qe2 Nxe3 16. Qxe3 Nb4 17. Qc5 Nd3 18. Qa3 b5 19. Rad1 b4 20. Qa6 bxc3 21. Rxd3
Qc8 22. Qxc8 Rfxc8 23. e5 cxb2 24. Rd2 Rab8 25. Rb1 0-1

[Event "24. Copenhagen Open  (Politiken Cup)"]
[Site "Copenhagen"]
[Date "2002.07.16"]
[Round "2"]
[White "Akesson, Joel"]
[Black "Moller, Frederik Oest"]
[Result "1-0"]
[WhiteElo "2234"]
[BlackElo "1479"]
[PlyCount "69"]
[EventDate "2002.07.15"]
[EventType "swiss"]
[EventRounds "11"]
[EventCountry "DEN"]
[SourceDate "2004.01.01"]

1. g3 c5 2. Bg2 d6 3. c4 Nf6 4. Nc3 g6 5. Nf3 Bg7 6. d4 cxd4 7. Nxd4 O-O 8. O-O
Qc7 9. b3 Nc6 10. Bb2 Bd7 11. Nc2 Rfc8 12. Ne3 Be6 13. Qd2 a6 14. Ncd5 Bxd5 15.
cxd5 Na7 16. Rac1 Qd7 17. Nc4 Qb5 18. Rc2 Rc7 19. Rfc1 Rac8 20. Bd4 Ra8 21. Na3
Rxc2 22. Rxc2 Qd7 23. Nc4 Qd8 24. Na5 Qd7 25. Bb6 Qb5 26. Bxa7 Rxa7 27. Rc7 Bf8
28. Nc6 bxc6 29. Rxa7 Qb6 30. Ra8 Qb7 31. Rxf8+ Kxf8 32. dxc6 Qc7 33. Qb4 Ne8
34. Qb7 a5 35. a3 1-0

[Event "24. Copenhagen Open  (Politiken Cup)"]
[Site "Copenhagen"]
[Date "2002.07.16"]
[Round "2"]
[White "Arngrimsson, Dagur"]
[Black "Peralta, Fernando"]
[Result "1-0"]
[WhiteElo "2149"]
[BlackElo "2478"]
[PlyCount "93"]
[EventDate "2002.07.15"]
[EventType "swiss"]
[EventRounds "11"]
[EventCountry "DEN"]
[SourceDate "2004.01.01"]

1. e4 d6 2. d4 Nf6 3. Nc3 g6 4. f3 c6 5. Be3 Nbd7 6. Qd2 b5 7. d5 cxd5 8. Nxd5
a6 9. Bd4 Bg7 10. Bc3 b4 11. Nxb4 Bb7 12. g4 Nc5 13. Bg2 O-O 14. Ne2 Rc8 15. h4
Qb6 16. h5 Na4 17. Bd4 Qc7 18. hxg6 fxg6 19. Nf4 Nc5 20. Nfd5 Qd8 21. g5 Nxd5
22. Bxg7 Kxg7 23. Nxd5 Bxd5 24. exd5 Nd7 25. O-O-O Rc4 26. Bf1 Rcf4 27. Qh2 h5
28. gxh6+ Kh7 29. Bd3 Ne5 30. Be4 Qb6 31. Qe2 a5 32. Rdg1 R8f6 33. Rg3 a4 34.
a3 Qc5 35. Rhg1 Qb6 36. Kb1 Qc5 37. R1g2 Rh4 38. Rg1 Qb6 39. Ka1 Qd4 40. c3 Qb6
41. Bc2 Qc5 42. Qg2 Qe3 43. f4 Qxf4 44. Bxg6+ Nxg6 45. Rxg6 Rh2 46. Rg7+ Kxh6
47. Rh7+ 1-0

[Event "24. Copenhagen Open  (Politiken Cup)"]
[Site "Copenhagen"]
[Date "2002.07.16"]
[Round "2"]
[White "Auchenberg, Einar"]
[Black "Tolstrup, Thomas"]
[Result "0-1"]
[WhiteElo "1654"]
[BlackElo "2074"]
[PlyCount "162"]
[EventDate "2002.07.15"]
[EventType "swiss"]
[EventRounds "11"]
[EventCountry "DEN"]
[SourceDate "2004.01.01"]

1. e4 e6 2. Nc3 d5 3. f4 Nf6 4. e5 Nfd7 5. Nf3 c5 6. Be2 Nc6 7. d4 a6 8. Be3 b5
9. O-O Qb6 10. Kh1 cxd4 11. Bxd4 Nxd4 12. Nxd4 b4 13. Na4 Qa5 14. c4 bxc3 15.
Nxc3 Bb7 16. a3 Be7 17. b4 Qd8 18. Bd3 O-O 19. Qh5 g6 20. Qh3 Re8 21. Rf3 Nf8
22. Rg3 Qb6 23. Nce2 Rac8 24. f5 exf5 25. Nxf5 Ne6 26. Nh6+ Kg7 27. Rf1 Ng5 28.
Rxg5 Bxg5 29. Rxf7+ Kh8 30. Qd7 Re7 31. Rxe7 Bxe7 32. Qxe7 Qf2 33. Qf6+ Qxf6
34. exf6 Rf8 35. Ng4 h5 36. Ne5 Rxf6 37. Nxg6+ Kg7 38. Nef4 Kh6 39. h4 Rc6 40.
Ne7 Rc1+ 41. Kh2 Kg7 42. Nxh5+ Kf7 43. Ng6 Ra1 44. Nhf4 Rxa3 45. h5 Kg7 46.
Ne6+ Kh6 47. Nc5 Bc8 48. Nf4 Kg5 49. g3 Ra2+ 50. Kg1 d4 51. Be2 Rb2 52. Nfd3
Rxe2 53. h6 Kxh6 54. Kf1 Ra2 55. Ke1 Kg5 56. Ne5 Rb2 57. Ned3 Ra2 58. Nf2 Kf5
59. Nce4 Ra1+ 60. Ke2 Rb1 61. Nd6+ Ke6 62. Nxc8 Rb2+ 63. Ke1 Rxb4 64. Nd3 Rb8
65. Na7 Kd6 66. Kd2 Rg8 67. Nf2 Kc7 68. g4 Kb7 69. Kd3 Rd8 70. g5 Kxa7 71. Ne4
Kb6 72. Nf6 a5 73. g6 a4 74. g7 a3 75. Nd7+ Kc7 76. Nf8 a2 77. g8=Q a1=Q 78.
Qf7+ Kb8 79. Qb3+ Ka8 80. Ne6 Qa6+ 81. Kd2 Rd7 {Time} 0-1

[Event "24. Copenhagen Open  (Politiken Cup)"]
[Site "Copenhagen"]
[Date "2002.07.16"]
[Round "2"]
[White "Auchenberg, Per"]
[Black "Christensen, Christoffer"]
[Result "1-0"]
[WhiteElo "2022"]
[BlackElo "1464"]
[PlyCount "69"]
[EventDate "2002.07.15"]
[EventType "swiss"]
[EventRounds "11"]
[EventCountry "DEN"]
[SourceDate "2004.01.01"]

1. f4 d5 2. b3 Nc6 3. Bb2 Bf5 4. Nf3 Qd7 5. e3 Nf6 6. Bb5 Bg4 7. O-O Ne4 8. Qe1
f6 9. Nd4 g5 10. d3 Nd6 11. Bxc6 bxc6 12. fxg5 Bg7 13. Nf3 O-O-O 14. Qa5 Kb8
15. gxf6 exf6 16. Nbd2 Rhg8 17. Nd4 f5 18. Qa6 Bxd4 19. Bxd4 Nc8 20. b4 Rg6 21.
Qa3 Bh3 22. Rf2 Rdg8 23. g3 Qd6 24. Rf4 Rxg3+ 25. hxg3 Rxg3+ 26. Kf2 Rg2+ 27.
Ke1 Qg6 28. Nf1 Rg1 29. Kd2 Bxf1 30. Kc3 Qg2 31. Rc1 Rh1 32. Rxf5 Nb6 33. Bxb6
axb6 34. Rf8+ Kb7 35. Qa8# 1-0

[Event "24. Copenhagen Open  (Politiken Cup)"]
[Site "Copenhagen"]
[Date "2002.07.16"]
[Round "2"]
[White "Baldursson, Rani"]
[Black "Leimand, Peter Martin"]
[Result "0-1"]
[WhiteElo "1426"]
[BlackElo "2003"]
[PlyCount "62"]
[EventDate "2002.07.15"]
[EventType "swiss"]
[EventRounds "11"]
[EventCountry "DEN"]
[SourceDate "2004.01.01"]

1. e4 c5 2. Nf3 d6 3. d4 cxd4 4. Nxd4 Nf6 5. Nc3 a6 6. Bg5 e6 7. f4 Be7 8. Qf3
Qb6 9. O-O-O h6 10. Bh4 Nc6 11. Nb3 Qc7 12. g4 b5 13. Bg2 Bb7 14. Rd2 b4 15.
Ne2 Nxe4 16. Qxe4 Bxh4 17. Qe3 Be7 18. Ned4 Na5 19. Bxb7 Qxb7 20. Re1 Nc4 21.
Qd3 Nxd2 22. Qxd2 a5 23. Qe2 a4 24. Nd2 Qd5 25. Qb5+ Qxb5 26. Nxb5 O-O 27. Kb1
Rfc8 28. Nd4 Rc5 29. N2f3 Rac8 30. Rc1 Bf6 31. Ne2 a3 0-1

[Event "24. Copenhagen Open  (Politiken Cup)"]
[Site "Copenhagen"]
[Date "2002.07.16"]
[Round "2"]
[White "Bekker Jensen, David"]
[Black "Helin, Mikael"]
[Result "1-0"]
[WhiteElo "2338"]
[BlackElo "2016"]
[PlyCount "159"]
[EventDate "2002.07.15"]
[EventType "swiss"]
[EventRounds "11"]
[EventCountry "DEN"]
[SourceDate "2004.01.01"]

1. d4 Nf6 2. c4 c5 3. d5 b5 4. cxb5 a6 5. bxa6 g6 6. Nc3 Bxa6 7. e4 Bxf1 8.
Kxf1 d6 9. Nf3 Nbd7 10. g3 Bg7 11. Kg2 O-O 12. Re1 Qb8 13. h3 Ne8 14. Re2 h6
15. Be3 Kh7 16. Rc1 Nc7 17. Qd3 Na6 18. a3 e5 19. g4 Rc8 20. Nd1 Rc7 21. Nd2
Rb7 22. Nc4 Qc7 23. Bd2 Nab8 24. h4 Nf6 25. f3 Bf8 26. Nde3 Nbd7 27. Rh1 Rab8
28. b4 cxb4 29. axb4 Rxb4 30. Bxb4 Rxb4 31. Rb1 Ra4 32. Reb2 Nc5 33. Qc2 Qa7
34. Rb4 Ra2 35. R1b2 Ra1 36. Qd2 Nfd7 37. Nc2 Nxe4 38. Qe3 Nec5 39. Nxa1 Qxa1
40. Rb1 Qa2+ 41. Qd2 Qa7 42. Rh1 Nf6 43. h5 e4 44. hxg6+ fxg6 45. Nxd6 exf3+
46. Kxf3 Nxd5 47. Rc4 Qa3+ 48. Ke2 Nf6 49. g5 Qg3 50. Rhh4 Qg2+ 51. Kd1 Qf3+
52. Qe2 Qb3+ 53. Ke1 Qg3+ 54. Kf1 Qxg5 55. Nf7 Qf5+ 56. Rcf4 Qb1+ 57. Kg2 Qb7+
58. Qf3 Qb2+ 59. Qf2 Qb7+ 60. Qf3 Qb2+ 61. Kh3 Kg7 62. Nxh6 Ne6 63. Rfg4 Qa3
64. Nf5+ Kf7 65. Ne3 Ng7 66. Rf4 Qe7 67. Rxf6+ Qxf6 68. Rf4 Nf5 69. Nxf5 Qe6
70. Kg2 Qa2+ 71. Kg3 Ba3 72. Nd4+ Ke7 73. Qe3+ Kd7 74. Re4 Bd6+ 75. Kf3 Qf7+
76. Ke2 Qa2+ 77. Qd2 Qc4+ 78. Qd3 Qxd3+ 79. Kxd3 g5 80. Ke2 {And White won in
about 12 more moves.} 1-0

[Event "24. Copenhagen Open  (Politiken Cup)"]
[Site "Copenhagen"]
[Date "2002.07.16"]
[Round "2"]
[White "Bengtsson, Ola"]
[Black "Rasmussen, Bent"]
[Result "1-0"]
[WhiteElo "2075"]
[BlackElo "1658"]
[PlyCount "119"]
[EventDate "2002.07.15"]
[EventType "swiss"]
[EventRounds "11"]
[EventCountry "DEN"]
[SourceDate "2004.01.01"]

1. d4 d5 2. c4 e6 3. Nc3 Nf6 4. Bg5 Nbd7 5. Nf3 Be7 6. e3 c6 7. Rc1 O-O 8. a3
Re8 9. h3 dxc4 10. Bxc4 Nd5 11. Bxe7 Qxe7 12. O-O Nxc3 13. Rxc3 e5 14. dxe5
Nxe5 15. Nxe5 Qxe5 16. Qb3 Qc7 17. Rd1 Be6 18. Bxe6 Rxe6 19. Rcd3 Re7 20. Qa4
b6 21. Rd6 Rae8 22. Rxc6 Qe5 23. Qd4 Qb5 24. Rd6 h6 25. Rd7 Rxd7 26. Qxd7 Qe5
27. Rd5 Qe7 28. Qxe7 Rxe7 29. Kf1 Rc7 30. Ke2 Kf8 31. f4 Ke7 32. h4 Ke6 33. e4
Rc2+ 34. Rd2 Rc7 35. Ke3 Ke7 36. a4 Rc4 37. b3 Rc3+ 38. Rd3 Rc2 39. g3 Rc7 40.
e5 Ke6 41. Ke4 Ke7 42. f5 Rc6 43. Kd5 Rc5+ 44. Kd4 Rc7 45. Rc3 Rd7+ 46. Ke4 Rb7
47. Rc8 Rd7 48. Ra8 Rc7 49. g4 Rd7 50. g5 hxg5 51. hxg5 Rc7 52. f6+ gxf6 53.
gxf6+ Kd7 54. Rf8 Kc6 55. Rd8 Kb7 56. e6 fxe6 57. Ke5 Rc1 58. f7 Re1+ 59. Kf6
Rf1+ 60. Ke7 1-0

[Event "24. Copenhagen Open  (Politiken Cup)"]
[Site "Copenhagen"]
[Date "2002.07.16"]
[Round "2"]
[White "Bering, Anders"]
[Black "Jakobsen, Ole"]
[Result "1/2-1/2"]
[WhiteElo "2119"]
[BlackElo "2398"]
[PlyCount "74"]
[EventDate "2002.07.15"]
[EventType "swiss"]
[EventRounds "11"]
[EventCountry "DEN"]
[SourceDate "2004.01.01"]

1. e4 c5 2. Nf3 a6 3. c4 e6 4. d4 cxd4 5. Nxd4 b6 6. Nc3 Bb7 7. a3 Qc7 8. Bg5
Nf6 9. f3 Be7 10. Be2 Nc6 11. Rc1 O-O 12. Be3 Bc5 13. O-O Nxd4 14. Bxd4 Qe5 15.
Bf2 Rac8 16. Qe1 Qc7 17. Na4 d6 18. Nxc5 dxc5 19. Qd2 Rfd8 20. Qe3 e5 21. Bh4
Rd6 22. Bxf6 Rxf6 23. Rcd1 Rd8 24. Rxd8+ Qxd8 25. Rd1 Rd6 26. Rxd6 Qxd6 27. Kf2
f6 28. Qd3 Qxd3 29. Bxd3 g5 30. g4 Kf7 31. a4 Bc6 32. b3 Ke7 33. Ke3 Kd6 34.
Kd2 Be8 35. Kc3 h5 36. h3 h4 37. Kd2 a5 1/2-1/2

[Event "24. Copenhagen Open  (Politiken Cup)"]
[Site "Copenhagen"]
[Date "2002.07.16"]
[Round "2"]
[White "Binau, Daniel"]
[Black "Andersen, Ib Hother"]
[Result "0-1"]
[WhiteElo "1439"]
[BlackElo "2160"]
[PlyCount "54"]
[EventDate "2002.07.15"]
[EventType "swiss"]
[EventRounds "11"]
[EventCountry "DEN"]
[SourceDate "2004.01.01"]

1. f4 d6 2. Nf3 g6 3. e4 Bg7 4. d4 Bg4 5. Be3 c5 6. c3 cxd4 7. cxd4 d5 8. e5 e6
9. Bd3 Ne7 10. Nc3 O-O 11. O-O Nbc6 12. Ne2 Qb6 13. b4 Qxb4 14. Rb1 Qa5 15.
Rxb7 Qxa2 16. Bd2 Rfb8 17. Nc1 Qa1 18. Rxb8+ Rxb8 19. Qc2 Bxf3 20. Bc3 Nxd4 21.
Qd2 Qa4 22. gxf3 Nef5 23. Bxf5 Nxf5 24. Nd3 Qb5 25. Ra1 Bf8 26. Rxa7 Qb6+ 27.
Qf2 d4 0-1

[Event "24. Copenhagen Open  (Politiken Cup)"]
[Site "Copenhagen"]
[Date "2002.07.16"]
[Round "2"]
[White "Brasoy, Aksel"]
[Black "Vovk, Oksana"]
[Result "0-1"]
[WhiteElo "1665"]
[BlackElo "2077"]
[PlyCount "116"]
[EventDate "2002.07.15"]
[EventType "swiss"]
[EventRounds "11"]
[EventCountry "DEN"]
[SourceDate "2004.01.01"]

1. e4 e6 2. d4 d5 3. Nc3 Nf6 4. e5 Nfd7 5. f4 c5 6. Nf3 Nc6 7. Be3 a6 8. Qd2 b5
9. g3 Qb6 10. Bg2 f6 11. Ne2 fxe5 12. fxe5 cxd4 13. Bxd4 Bc5 14. c3 O-O 15.
O-O-O Ndxe5 16. Nxe5 Nxe5 17. Qg5 Bxd4 18. Nxd4 Nf7 19. Qh5 Rb8 20. Rhf1 b4 21.
c4 Qc7 22. Kb1 Qxc4 23. Rf4 Qc7 24. Rdf1 g6 25. Rg4 Qe5 26. Qh4 Bd7 27. Qe7 Bb5
28. Nxb5 axb5 29. Rgf4 Rbe8 30. Qxb4 Qe2 31. R4f2 Qd3+ 32. Ka1 Qc4 33. Rf4 Qxb4
34. Rxb4 Nd6 35. Rxf8+ Rxf8 36. Bh3 Kg7 37. Kb1 Rf6 38. Rf4 Rxf4 39. gxf4 Kf6
40. Kc2 e5 41. fxe5+ Kxe5 42. Kd3 Ne4 43. Bf1 h5 44. a3 g5 45. b3 g4 46. Kc2
Nd6 47. a4 bxa4 48. bxa4 Kd4 49. a5 Nc8 50. a6 Ke3 51. Bd3 Na7 52. Bg6 h4 53.
Bf5 g3 54. hxg3 hxg3 55. Bh3 d4 56. Kd1 d3 57. Bg2 Nb5 58. Bf1 Nc3+ 0-1

[Event "24. Copenhagen Open  (Politiken Cup)"]
[Site "Copenhagen"]
[Date "2002.07.16"]
[Round "2"]
[White "Bromann, Thorbjorn"]
[Black "Kjartansson, Gudmundur"]
[Result "1-0"]
[WhiteElo "2378"]
[BlackElo "2105"]
[PlyCount "121"]
[EventDate "2002.07.15"]
[EventType "swiss"]
[EventRounds "11"]
[EventCountry "DEN"]
[SourceDate "2004.01.01"]

1. e4 e6 2. Nc3 d5 3. Nf3 dxe4 4. Nxe4 b6 5. d4 Nf6 6. Nxf6+ gxf6 7. Bb5+ c6 8.
Bc4 Bd6 9. Qe2 Rg8 10. Nh4 Bb4+ 11. c3 Qxd4 12. Nf5 Bxc3+ 13. Kf1 Qe5 14. Nh6
Qxe2+ 15. Bxe2 Bxb2 16. Bxb2 Rg6 17. Ng4 Nd7 18. h4 Ke7 19. Rd1 c5 20. Rh3 Bb7
21. Rhd3 Bc6 22. h5 Rxg4 23. Bxg4 Bb5 24. Be2 Bxd3 25. Bxd3 Rd8 26. Bb5 e5 27.
f4 exf4 28. Bxd7 Rxd7 29. Bxf6+ Ke6 30. Rxd7 Kxd7 31. Be5 a5 32. Bxf4 b5 33.
Ke2 Ke6 34. Kd3 a4 35. Kc3 Kd5 36. a3 f5 37. Bh6 Kd6 38. Kd3 Kd5 39. Bf8 Kc6
40. Be7 Kd5 41. Bf8 Kc6 42. g3 Kd5 43. Be7 Kc6 44. Ke3 Kd5 45. Kf4 Kd4 46. Kxf5
c4 47. g4 c3 48. g5 c2 49. Bf6+ Kd3 50. Bb2 Kd2 51. g6 hxg6+ 52. hxg6 c1=Q 53.
Bxc1+ Kxc1 54. g7 Kb2 55. g8=Q Kxa3 56. Qg2 b4 57. Ke4 b3 58. Kd3 b2 59. Kc2
Ka2 60. Qd5+ Ka1 61. Qd1+ 1-0

[Event "24. Copenhagen Open  (Politiken Cup)"]
[Site "Copenhagen"]
[Date "2002.07.16"]
[Round "2"]
[White "Busk, Casper"]
[Black "Nielsen, Max"]
[Result "0-1"]
[WhiteElo "1874"]
[BlackElo "2246"]
[PlyCount "68"]
[EventDate "2002.07.15"]
[EventType "swiss"]
[EventRounds "11"]
[EventCountry "DEN"]
[SourceDate "2004.01.01"]

1. e4 c5 2. Nf3 Nc6 3. d4 cxd4 4. Nxd4 Nf6 5. Nc3 e5 6. Ndb5 d6 7. Bg5 a6 8.
Na3 b5 9. Bxf6 gxf6 10. Nd5 f5 11. Bd3 Be6 12. c3 Bg7 13. Nxb5 axb5 14. Bxb5
Bd7 15. exf5 O-O 16. Qf3 f6 17. Nxf6+ Qxf6 18. Bxc6 Bxc6 19. Qxc6 Qxf5 20. O-O
Qc2 21. b4 Ra3 22. Qxd6 Qxc3 23. b5 Raa8 24. a4 e4 25. Ra3 Qc2 26. a5 Rad8 27.
Qe6+ Kh8 28. Ra2 Qd3 29. b6 Bd4 30. Re1 Rde8 31. Qh3 e3 32. f4 Rxf4 33. Qd7 e2+
34. Kh1 Rf1+ 0-1

[Event "24. Copenhagen Open  (Politiken Cup)"]
[Site "Copenhagen"]
[Date "2002.07.16"]
[Round "2"]
[White "Carstensen, Jacob"]
[Black "Cohen, Ronnie"]
[Result "1-0"]
[WhiteElo "2246"]
[BlackElo "1800"]
[PlyCount "55"]
[EventDate "2002.07.15"]
[EventType "swiss"]
[EventRounds "11"]
[EventCountry "DEN"]
[SourceDate "2004.01.01"]

1. b3 d5 2. Bb2 c5 3. e3 e6 4. f4 Nf6 5. Nf3 Be7 6. Bb5+ Bd7 7. Bxd7+ Nbxd7 8.
d3 O-O 9. Nbd2 Qb6 10. Qe2 Rfe8 11. O-O Bd6 12. Ne5 Rac8 13. c4 Qc7 14. Ndf3 h6
15. g4 Nh7 16. Qg2 Nxe5 17. Nxe5 f6 18. Nf3 d4 19. g5 dxe3 20. gxf6 Bxf4 21.
Ne5 Bxh2+ 22. Kxh2 Rf8 23. f7+ Kh8 24. Kh1 Ng5 25. Rf3 e2 26. Qxg5 b6 27. Ng6+
Kh7 28. Nxf8+ 1-0

[Event "24. Copenhagen Open  (Politiken Cup)"]
[Site "Copenhagen"]
[Date "2002.07.16"]
[Round "2"]
[White "Casagrande, Fabio"]
[Black "Nielsen, Palle"]
[Result "1-0"]
[WhiteElo "2035"]
[BlackElo "1473"]
[PlyCount "93"]
[EventDate "2002.07.15"]
[EventType "swiss"]
[EventRounds "11"]
[EventCountry "DEN"]
[SourceDate "2004.01.01"]

1. e4 c5 2. c3 Nc6 3. d4 cxd4 4. cxd4 e6 5. Nc3 d5 6. exd5 exd5 7. Nf3 Nf6 8.
Bg5 Be7 9. Be2 O-O 10. O-O h6 11. Bh4 Ne4 12. Bxe7 Nxe7 13. Rc1 Be6 14. Qb3 Rb8
15. Rfd1 f5 16. Ne5 Kh7 17. f3 Nf6 18. Bd3 g6 19. Ne2 Kg7 20. Nf4 Bg8 21. h4
Qd6 22. Bb1 Nd7 23. Qe3 Nf6 24. Qf2 Nd7 25. Qg3 Nxe5 26. dxe5 Qb6+ 27. Qf2
Qxf2+ 28. Kxf2 Rbc8 29. Ne2 Nc6 30. f4 Rfd8 31. Ke3 Be6 32. Nd4 Kf7 33. a3 Nxd4
34. Rxc8 Rxc8 35. Kxd4 Rc4+ 36. Ke3 g5 37. hxg5 hxg5 38. g3 Kg6 39. Bd3 Rc7 40.
g4 Rf7 41. fxg5 Kxg5 42. gxf5 d4+ 43. Kxd4 Rd7+ 44. Ke3 Bxf5 45. Rg1+ Bg4 46.
Be2 Re7 47. Ke4 1-0

[Event "24. Copenhagen Open  (Politiken Cup)"]
[Site "Copenhagen"]
[Date "2002.07.16"]
[Round "2"]
[White "Cazzaniga, Walter"]
[Black "Aaberg, Anton"]
[Result "0-1"]
[WhiteElo "2121"]
[BlackElo "2408"]
[PlyCount "78"]
[EventDate "2002.07.15"]
[EventType "swiss"]
[EventRounds "11"]
[EventCountry "DEN"]
[SourceDate "2004.01.01"]

1. d4 Nf6 2. c4 g6 3. Nc3 d5 4. Nf3 Bg7 5. Qb3 dxc4 6. Qxc4 O-O 7. e4 Nc6 8.
Be2 Bg4 9. Be3 Bxf3 10. gxf3 e5 11. d5 Nd4 12. O-O-O Nh5 13. Kb1 a6 14. f4 b5
15. Qc5 Nxe2 16. Nxe2 Nf6 17. f3 Nd7 18. Qc2 exf4 19. Bxf4 Qf6 20. Rd2 Nb6 21.
Qc3 Nc4 22. Rc2 Qd8 23. Qd3 Qd7 24. Bc1 c6 25. Nf4 cxd5 26. Nxd5 Ne5 27. Qe2
Rae8 28. h4 h5 29. Bg5 f6 30. Rc7 Qe6 31. Be3 Nc4 32. Qg2 f5 33. Bc5 Rf7 34.
Rg1 fxe4 35. fxe4 Qxe4+ 36. Qxe4 Rxe4 37. b3 Ne5 38. Rc8+ Kh7 39. Be7 Rd4 0-1